Datum a čas kvízu
26.5
Celkem bodů
Celkový počet nahraných bodů na tomto kvízu bez doplňovacích otázek.
15.
Pořadí na kvízu
Konečné umístění týmu na tomto kvízu.
Zaznamenané odpovědi
| # | Otázka | Odpověď | Body | Výsledky |
|---|---|---|---|---|
| 1. | Více než dvacet tisíc Čechů se... | Black Hawk (UH-60), Čestmír | 0.5 | |
| 2. | Jak se nazývá malá africká zem... | Lesotho | 0 | |
| 3. | V sobotu proběhlo vyhlášení fi... | Oldřich Kaiser, Zahradníkův rok | 1 | |
| 4. | V letošním ročníku soutěže Vis... | Kytary.cz | 1 | |
| 5. | Minulý týden skončila základní... | 1A 2B 3C 4D | 1 | |
| 6. | Chybou kapitána ztroskotal v b... | u Aljašky | 0 | |
| 7. | Na fotce je německá bitevní lo... | Bismarck | 1 | |
| 8. | Loď Beagle na své druhé plavbě... | Charles Darwin | 0 | |
| 9. | Válečná loď Vasa ujela celkem... | ve Stockholmu | 1 | |
| 10. | Která z těchto slavných lodí b... | C | 1 |